| 000 | 00591nam a22001817a 4500 | ||
|---|---|---|---|
| 005 | 20251108164352.0 | ||
| 008 | 250721s1997 xx 000 0 ara d | ||
| 082 | 1 | 4 | _a025.4/ألو |
| 100 | 1 | _aألورى، راو | |
| 245 | 1 | 0 | _aالتحليل الموضوعي في فهارس البحث المباشر / |
| 264 | 1 |
_aبيروت : _bعالم الكتب، _c1997. |
|
| 300 | _a453ص | ||
| 650 | 1 | 7 | _aالفهرسة |
| 650 | 1 | 7 | _aالفهارس الموضوعية |
| 700 | 1 |
_aأبو النور، عبد الوهاب عبد السلام _eترجمة |
|
| 942 |
_2ddc _cBK |
||
| 999 |
_c10442 _d10442 |
||